| 000 | 00989cam a2200301 a 4500 | ||
|---|---|---|---|
| 005 | 20260322212040.0 | ||
| 008 | data | ||
| 010 | _a 97045239 | ||
| 020 | _a0792270606 | ||
| 020 | _a0792270649 (dlx) | ||
| 020 | _a9780792270607 | ||
| 020 | _a9780792270645 (dlx) | ||
| 040 |
_aDLC _cDLC _dDLC |
||
| 043 | _an-us--- | ||
| 050 | 0 | 0 |
_aQH104 _b.W37 1998 |
| 082 | 0 | 0 |
_a508.73 _221 |
| 092 | _a508.31 W385 1998 | ||
| 100 | 1 |
_aWatkins, T. H. _d1936- _q(Tom H.), |
|
| 245 | 1 | 0 |
_aNatural America / _cT. H. Watkins & National Geographic Society (U.S.). |
| 260 |
_aWashington, D.C. : _bNational Geographic Society, _cc1998. |
||
| 300 |
_a200 p. : _bcol. ill. ; _c26 cm. |
||
| 500 | _a"Prepared by the Book Division, National Geographic Society." | ||
| 504 | _aIncludes bibliographical references (p. 196) and index. | ||
| 650 | 0 |
_aNatural history _zUnited States. |
|
| 650 | 0 |
_aNature conservation _zUnited States. |
|
| 710 | 2 |
_aNational Geographic Society (U.S.). _bBook Division. |
|
| 001 | data | ||
| 999 |
_c942 _d942 |
||